000 00577nam a22002057a 4500
003 OSt
005 20210414094817.0
008 210218s1975 ||||| |||| 00| 0 eng d
040 _aeng
_beng
_cDLC
041 _aeng
080 _a821.111
_bS-86
100 _9253
_aStout, Rex
245 _aThe Second Confession
_b: A Nero Wolfe Mystery
_c/ by: Bantam Books
260 _aNew York
_bBantam Books
_c1975
300 _a197 p.
365 _b1.25 usd
650 0 _9254
_aEnglish literature
653 _aინგლისური ლიტერატურა
942 _2udc
_cBK
999 _c2178
_d2178